000 00230nam a22001097a 4500
003 OSt
008 250214b |||||||| |||| 00| 0 eng d
041 _aeng
100 _aSharma
_94656
245 _aGround Water Recharge
942 _cBK
999 _c19381
_d19381